000 00502cab a2200193 4500
001 ABS36908
008 090401t1986 xxu||||| |||| 00| 0 eng d
035 _a(Sirsi) u1000
041 _aeng
100 _aNichols, M.D.
245 4 _aThe Docklands Light Railway : a novel transport project
260 _c1986
350 _a0
490 _aSociety of Engineers Journal
_v77(2) 1986, 8-30(12)
690 _aTRANSPORT AND COMMUNICATIONS
700 _aClarke, W.R.
942 _n0
948 _c04/03/1997
999 _c557
_d557